Porte de drogas para consumo prp̤rio

Detalles Bibliográficos
Autor principal: Machado de Oliveira, Vanessa
Formato: eBook
Lenguaje:portugués
Publicado: San Pablo: Novas Ediė̳s Acadm̊icas, 2019
Materias:
Acceso en línea:Acceso restringido

MARC

LEADER 00000nam a22000007a 4500
005 20190917224748.0
007 cr|||| ||||
008 190917s2019 br |||||s|||| 00||0 por d
020 |a 9786139742028 
035 |a 25646 
040 |a vLex 
090 |c 9546  |d 9546 
100 1 |a Machado de Oliveira, Vanessa 
245 1 0 |a Porte de drogas para consumo prp̤rio  |h [Recurso electrn̤ico] /  |c Vanessa Machado de Oliveira 
256 |a Servicio en ln̕ea 
260 |a San Pablo:  |b Novas Ediė̳s Acadm̊icas,  |c 2019 
300 |a 1 recurso electrn̤ico 
500 |a O presente livro tem por finalidade realizar um estudo acerca da liberdade do indivd̕uo quanto ao uso de substńcias entorpecentes consideradas ilc̕itas pelo ordenamento jurd̕ico, tendo em vista a fragmentariedade da aplicaȯ̂ do Direito Penal, o qual deve se limitar a sancionar prt̀icas consideradas lesivas ̉coletividade. Utiliza-se, para tanto, da anl̀ise de alguns dos dispositivos penais concernentes ao combate ao uso de substńcias entorpecentes, contrapondo-os aos ditames constitucionais e princp̕ios embasados do Direito Penal. 
506 1 |a Disponible solo en los productos indicados  |d vLex Global  |d vLex Global (Academic Edition, excluding Law Schools)  |d vLex Global (U.S. Academic Edition, Law Schools)  |d vLex Global (U.S. Academic Edition, excluding Law Schools)  |d vLex Global (Academic Edition, Law Schools) 
650 0 4 |a Derecho Penal  |z Brasil 
740 0 |a vLex Libros (Servicio en ln̕ea) 
856 4 0 |u http://vlex.com/source/25646  |z Acceso restringido 
942 |c BOOK 
999 0 |a Criminal law